header

Kernel methods for pattern analysis (Record no. 80073)

MARC details
000 -LEADER
fixed length control field 01332nam a2200349Ia 4500
082 04 - DEWEY DECIMAL CLASSIFICATION NUMBER
Classification number 006.3/1
100 1# - MAIN ENTRY--AUTHOR NAME
Personal name Shawe-Taylor, John.
245 10 - TITLE STATEMENT
Title Kernel methods for pattern analysis
260 ## - PUBLICATION, DISTRIBUTION, ETC. (IMPRINT)
Place of publication Cambridge, UK ;
-- New York :
Name of publisher Cambridge University Press,
Year of publication 2004.
300 ## - PHYSICAL DESCRIPTION
Number of Pages xiv, 462 p. :
Other physical details ill.
650 #0 - SUBJECT ADDED ENTRY--TOPICAL TERM
Topical Term Machine learning.
Topical Term Algorithms.
Topical Term Kernel functions.
Topical Term Pattern perception
700 1# - ADDED ENTRY--PERSONAL NAME
Personal name Cristianini, Nello.
856 40 - ELECTRONIC LOCATION AND ACCESS
Uniform Resource Identifier http://site.ebrary.com/lib/rucke/Doc?id=10131674

No items available.

© 2026 Rongo University
Contact us: librarian | system librarian | Rongo university